00000000nas 2200000zi 4500
0019.944332
003CaOODSP
00520250131141637
006m     o  d f      
007cr cn ||||||||
008241022c20259999qucar p o    f0###a0eng|d
022 |a2818-7830
040 |aCaOODSP|beng|erda|cCaOODSP
043 |an-cn---
0861 |aEm9-16E-PDF
222 2|aA performance indicator framework for accessibility data. Built environment
24502|aA performance indicator framework for accessibility data. |pBuilt environment.
24630|aBuilt environment
264 1|a[Gatineau, Quebec] : |bEmployment and Social Development Canada = Emploi et développement social Canada, |c[2025]-
310 |aAnnual
336 |atext|btxt|2rdacontent
337 |acomputer|bc|2rdamedia
338 |aonline resource|bcr|2rdacarrier
3621 |aBegan with: January 29, 2025.
500 |aIssued also in French under title: Un cadre d'indicateurs de rendement pour les données sur l'accessibilité. L'environnement bâti.
588 |aDescription based on: January 29, 2025; title from PDF cover page.
588 |aLatest issue consulted: January 29, 2025.
650 0|aBuilt environment|xBarrier-free design|zCanada|vPeriodicals.
650 0|aBarrier-free design|xGovernment policy|zCanada|xEvaluation|vPeriodicals.
650 0|aBarrier-free design|xStandards|zCanada|vPeriodicals.
655 7|aPeriodicals|2lcgft
7101 |aCanada. |bEmployment and Social Development Canada, |eissuing body.
77508|tUn cadre d'indicateurs de rendement pour les données sur l'accessibilité. |w(CaOODSP)9.945693